[Event "M?R 2020 v bleskovém ?achu druzstev"]
[Site "Turnov"]
[Date "2020.09.12"]
[Round "2.3"]
[White "Vykouk TUR_A, Jan"]
[Black "Kusa MOR_A, Jakub"]
[Result "1-0"]
[BlackElo "1998"]
[WhiteElo "2374"]
[LiveChessVersion "1.4.8"]

1. e4 {[%clk 0:03:02]} e5 {[%clk 0:03:02]} 2. Nf3 {[%clk 0:03:03]} Nc6
{[%clk 0:03:02]} 3. Bc4 {[%clk 0:03:03]} Nf6 {[%clk 0:03:02]} 4. d3
{[%clk 0:03:04]} Be7 {[%clk 0:03:01]} 5. O-O {[%clk 0:03:03]} O-O
{[%clk 0:03:00]} 6. Nbd2 {[%clk 0:03:03]} d6 {[%clk 0:02:59]} 7. c3
{[%clk 0:03:03]} a6 {[%clk 0:02:51]} 8. Bb3 {[%clk 0:03:03]} Be6 {[%clk 0:02:48]}
9. Bc2 {[%clk 0:02:50]} h6 {[%clk 0:02:30]} 10. Re1 {[%clk 0:02:49]} d5
{[%clk 0:02:19]} 11. exd5 {[%clk 0:02:42]} Nxd5 {[%clk 0:02:17]} 12. Nc4
{[%clk 0:02:34]} f6 {[%clk 0:00:36]} 13. d4 {[%clk 0:02:34]} Nf4 {[%clk 0:00:03]}
14. Bxf4 {[%clk 0:01:49]} Bxc4 {[%clk 0:00:04]} 15. dxe5 {[%clk 0:01:49]} Qxd1
16. Raxd1 {[%clk 0:01:49]} fxe5 {[%clk 0:00:05]} 17. Bxe5 {[%clk 0:01:41]} Nxe5
{[%clk 0:00:04]} 18. Nxe5 {[%clk 0:01:41]} Bf7 {[%clk 0:03:02]} 1-0

[Event "M?R 2020 v bleskovém ?achu druzstev"]
[Site "Turnov"]
[Date "2020.09.12"]
[Round "2.4"]
[White "Pychova MOR_A, Nela"]
[Black "Studnicka TUR_A, Tomas"]
[Result "1/2-1/2"]
[BlackElo "2155"]
[WhiteElo "2159"]
[LiveChessVersion "1.4.8"]

1. c4 {[%clk 0:03:02]} c5 {[%clk 0:03:03]} 2. Nc3 {[%clk 0:03:03]} Nc6
{[%clk 0:03:04]} 3. g3 g6 {[%clk 0:03:05]} 4. Bg2 {[%clk 0:03:05]} Bg7
{[%clk 0:03:06]} 5. Nf3 {[%clk 0:03:06]} d6 {[%clk 0:03:08]} 6. O-O Be6 7. d3
{[%clk 0:03:04]} Qc8 {[%clk 0:03:10]} 8. Nd5 {[%clk 0:02:32]} Kf8
{[%clk 0:03:05]} 9. Rb1 {[%clk 0:02:18]} Bh3 {[%clk 0:03:06]} 10. b4
{[%clk 0:02:03]} cxb4 {[%clk 0:03:02]} 11. Nxb4 {[%clk 0:02:01]} h5
{[%clk 0:03:02]} 12. Bxh3 {[%clk 0:01:54]} Qxh3 {[%clk 0:03:02]} 13. Ng5
{[%clk 0:01:55]} Qf5 {[%clk 0:02:44]} 14. h4 {[%clk 0:01:46]} Nf6
{[%clk 0:02:38]} 15. e4 {[%clk 0:01:30]} Qd7 {[%clk 0:02:36]} 16. Nxc6
{[%clk 0:01:27]} Qxc6 {[%clk 0:02:30]} 17. Qb3 {[%clk 0:01:22]} b6
{[%clk 0:02:29]} 18. Qb5 {[%clk 0:01:21]} Rc8 {[%clk 0:02:13]} 19. a4
{[%clk 0:01:20]} Nd7 {[%clk 0:01:54]} 20. a5 {[%clk 0:01:11]} Qxb5
{[%clk 0:01:16]} 21. Rxb5 {[%clk 0:01:09]} bxa5 {[%clk 0:01:06]} 22. Rxa5
{[%clk 0:01:06]} Bd4 {[%clk 0:01:07]} 23. Nf3 {[%clk 0:01:02]} Bb6
{[%clk 0:01:08]} 24. Ra3 {[%clk 0:01:01]} e5 {[%clk 0:01:07]} 25. Bd2
{[%clk 0:00:59]} Ke7 {[%clk 0:01:07]} 26. Bb4 {[%clk 0:00:57]} Rhf8
{[%clk 0:01:02]} 27. Kg2 {[%clk 0:00:57]} Rc7 {[%clk 0:00:59]} 28. Ne1
{[%clk 0:00:47]} f5 {[%clk 0:00:59]} 29. exf5 Rxf5 {[%clk 0:00:59]} 30. Nc2
{[%clk 0:00:30]} Ke6 {[%clk 0:00:57]} 31. Ne3 {[%clk 0:00:29]} Bxe3
{[%clk 0:00:51]} 32. fxe3 {[%clk 0:00:30]} Nc5 {[%clk 0:00:32]} 33. Bxc5
{[%clk 0:00:17]} Rxf1 {[%clk 0:00:22]} 34. Kxf1 {[%clk 0:00:18]} dxc5
{[%clk 0:00:21]} 35. Ra6+ {[%clk 0:00:17]} Kf5 {[%clk 0:00:23]} 36. Kg2
{[%clk 0:00:15]} e4 {[%clk 0:00:23]} 37. dxe4+ {[%clk 0:00:13]} Kxe4
{[%clk 0:00:24]} 38. Rxg6 {[%clk 0:00:13]} Kxe3 {[%clk 0:00:24]} 39. Rd6
{[%clk 0:00:13]} a5 {[%clk 0:00:23]} 40. Ra6 {[%clk 0:00:13]} Kd4
{[%clk 0:00:24]} 41. Rxa5 {[%clk 0:00:14]} Kxc4 {[%clk 0:00:25]} 42. Kf3
{[%clk 0:00:12]} Rf7+ {[%clk 0:00:24]} 43. Ke4 {[%clk 0:00:12]} Kb4
{[%clk 0:00:24]} 44. Ra6 {[%clk 0:00:12]} c4 {[%clk 0:00:23]} 45. Rb6+
{[%clk 0:00:10]} Kc3 {[%clk 0:00:24]} 46. Rh6 {[%clk 0:00:10]} Kd2
{[%clk 0:00:18]} 47. Rxh5 {[%clk 0:00:10]} c3 {[%clk 0:00:19]} 48. Rd5+
{[%clk 0:00:10]} Kc1 {[%clk 0:00:18]} 49. Rc5 {[%clk 0:00:09]} Kd2
{[%clk 0:00:19]} 50. g4 {[%clk 0:00:10]} c2 {[%clk 0:00:20]} 51. g5
{[%clk 0:00:10]} Rh7 {[%clk 0:00:19]} 52. Kf5 {[%clk 0:00:09]} Rxh4
{[%clk 0:00:20]} 53. g6 {[%clk 0:00:08]} Rh3 {[%clk 0:00:21]} 54. Rxc2+
{[%clk 0:00:06]} Kxc2 {[%clk 0:00:21]} 55. g7 {[%clk 0:00:07]} Rg3
{[%clk 0:00:20]} 56. Kf6 {[%clk 0:00:08]} 1/2-1/2

[Event "M?R 2020 v bleskovém ?achu druzstev"]
[Site "Turnov"]
[Date "2020.09.12"]
[Round "2.5"]
[White "Finek LIB, Vaclav"]
[Black "Vokoun PAN_B, Jan"]
[Result "1-0"]
[BlackElo "2012"]
[WhiteElo "1852"]
[LiveChessVersion "1.4.8"]

1. d4 {[%clk 0:03:02]} d6 {[%clk 0:03:02]} 2. c4 {[%clk 0:03:01]} e5
{[%clk 0:03:02]} 3. dxe5 dxe5 4. Qxd8+ {[%clk 0:02:57]} Kxd8 {[%clk 0:03:05]} 5.
Nc3 {[%clk 0:02:58]} c6 {[%clk 0:03:06]} 6. Nf3 {[%clk 0:02:58]} Nd7
{[%clk 0:02:58]} 7. g3 {[%clk 0:02:56]} f6 {[%clk 0:02:39]} 8. Bg2
{[%clk 0:02:55]} g6 {[%clk 0:02:33]} 9. h4 {[%clk 0:02:54]} Bh6 {[%clk 0:02:25]}
10. h5 {[%clk 0:02:42]} g5 {[%clk 0:01:56]} 11. b3 {[%clk 0:02:29]} Bf8
{[%clk 0:01:54]} 12. Bb2 {[%clk 0:02:28]} Nh6 {[%clk 0:01:50]} 13. e3
{[%clk 0:02:20]} a5 {[%clk 0:01:42]} 14. O-O-O {[%clk 0:02:18]} Kc7
{[%clk 0:01:35]} 15. Rd2 {[%clk 0:02:09]} Nc5 {[%clk 0:01:28]} 16. Rhd1
{[%clk 0:02:09]} Be7 {[%clk 0:01:25]} 17. Ne1 {[%clk 0:01:53]} Bg4
{[%clk 0:01:18]} 18. Bf3 {[%clk 0:01:55]} Be6 {[%clk 0:01:05]} 19. Nd3
{[%clk 0:01:50]} Nxd3+ {[%clk 0:01:02]} 20. Rxd3 {[%clk 0:01:51]} Rad8
{[%clk 0:00:54]} 21. Rxd8 {[%clk 0:01:39]} Rxd8 {[%clk 0:00:48]} 22. Rxd8
{[%clk 0:01:39]} Kxd8 {[%clk 0:00:46]} 23. Na4 {[%clk 0:01:33]} Ng4
{[%clk 0:00:40]} 24. Bc3 {[%clk 0:01:24]} Nxf2 {[%clk 0:00:24]} 25. Bxa5+
{[%clk 0:01:24]} Ke8 {[%clk 0:00:22]} 26. Kd2 {[%clk 0:01:16]} Bf5
{[%clk 0:00:13]} 27. Ke2 {[%clk 0:01:12]} Ne4 {[%clk 0:00:12]} 28. g4
{[%clk 0:01:10]} 1-0

[Event "M?R 2020 v bleskovém ?achu druzstev"]
[Site "Turnov"]
[Date "2020.09.12"]
[Round "2.6"]
[White "Postupa PAN_B, Martin"]
[Black "Hurtik LIB, Matej"]
[Result "0-1"]
[BlackElo "1952"]
[WhiteElo "1992"]
[LiveChessVersion "1.4.8"]

1. e4 {[%clk 0:03:03]} c5 {[%clk 0:03:03]} 2. Nc3 {[%clk 0:03:04]} Nc6
{[%clk 0:03:04]} 3. g3 {[%clk 0:03:05]} e6 {[%clk 0:03:04]} 4. Bg2
{[%clk 0:03:06]} g6 {[%clk 0:03:04]} 5. d3 {[%clk 0:03:05]} Bg7 {[%clk 0:03:05]}
6. Be3 {[%clk 0:03:03]} b6 {[%clk 0:03:05]} 7. Qd2 {[%clk 0:03:04]} Nge7
{[%clk 0:03:06]} 8. Nh3 {[%clk 0:03:04]} O-O {[%clk 0:02:57]} 9. Bh6
{[%clk 0:03:02]} Bb7 {[%clk 0:02:57]} 10. O-O {[%clk 0:03:01]} d5
{[%clk 0:02:57]} 11. Bxg7 {[%clk 0:02:58]} Kxg7 {[%clk 0:02:58]} 12. exd5
{[%clk 0:02:43]} exd5 {[%clk 0:02:48]} 13. Rae1 {[%clk 0:02:42]} Re8
{[%clk 0:02:38]} 14. Nf4 {[%clk 0:02:36]} Nd4 {[%clk 0:02:10]} 15. Re5
{[%clk 0:01:54]} f6 {[%clk 0:01:21]} 16. Ne6+ {[%clk 0:01:49]} Nxe6
{[%clk 0:01:21]} 17. Rxe6 {[%clk 0:01:49]} Qd7 {[%clk 0:01:22]} 18. Rfe1
{[%clk 0:01:45]} d4 {[%clk 0:01:22]} 19. Bxb7 {[%clk 0:01:21]} Qxb7
{[%clk 0:01:23]} 20. Nb5 {[%clk 0:01:03]} Qd7 {[%clk 0:00:24]} 21. Nd6
{[%clk 0:01:02]} Rad8 {[%clk 0:00:07]} 22. Nxe8+ {[%clk 0:00:57]} Rxe8
{[%clk 0:00:08]} 23. Qe2 {[%clk 0:00:44]} Kf7 {[%clk 0:00:08]} 24. Qe4
{[%clk 0:00:35]} h6 {[%clk 0:00:04]} 25. Qf4 {[%clk 0:00:23]} Qxe6
{[%clk 0:00:04]} 26. Rxe6 {[%clk 0:00:23]} Kxe6 {[%clk 0:00:05]} 27. Qxh6
{[%clk 0:00:24]} Kf7 {[%clk 0:00:04]} 28. Qh7+ {[%clk 0:00:25]} Ke6
{[%clk 0:00:05]} 29. Qh3+ {[%clk 0:00:25]} f5 {[%clk 0:00:05]} 30. Qh7
{[%clk 0:00:24]} Kf6 {[%clk 0:00:06]} 31. Qh4+ {[%clk 0:00:22]} g5
{[%clk 0:00:05]} 32. Qh6+ {[%clk 0:00:23]} Ng6 {[%clk 0:00:06]} 33. Qh7
{[%clk 0:00:23]} Re7 {[%clk 0:00:06]} 34. Qg8 {[%clk 0:00:23]} f4
{[%clk 0:00:06]} 35. Kg2 {[%clk 0:00:20]} Re2 {[%clk 0:00:04]} 36. Qd8+
{[%clk 0:00:18]} Re7 {[%clk 0:00:05]} 37. h4 {[%clk 0:00:18]} gxh4
{[%clk 0:00:06]} 38. gxh4 {[%clk 0:00:18]} Nxh4+ {[%clk 0:00:07]} 39. Kh3
{[%clk 0:00:20]} Ng6 {[%clk 0:00:07]} 40. Kg4 {[%clk 0:00:20]} Kf7
{[%clk 0:00:04]} 41. Qd5+ {[%clk 0:00:20]} Kf6 {[%clk 0:00:06]} 42. Qf5+
{[%clk 0:00:21]} Kg7 {[%clk 0:00:06]} 43. f3 {[%clk 0:00:21]} Re5
{[%clk 0:00:06]} 44. Qd7+ {[%clk 0:00:21]} Re7 {[%clk 0:00:07]} 45. Qd5
{[%clk 0:00:21]} Re5 {[%clk 0:00:08]} 46. Qc6 {[%clk 0:00:20]} Re7
{[%clk 0:00:07]} 47. a4 {[%clk 0:00:19]} Ne5+ {[%clk 0:00:08]} 48. Kxf4
{[%clk 0:00:19]} Nxc6 {[%clk 0:00:09]} 49. Kf5 {[%clk 0:00:19]} Rf7+
{[%clk 0:00:10]} 50. Ke6 {[%clk 0:00:20]} Rxf3 {[%clk 0:00:10]} 0-1

[Event "M?R 2020 v bleskovém ?achu druzstev"]
[Site "Turnov"]
[Date "2020.09.12"]
[Round "2.7"]
[White "Hofman LIB, Krystof"]
[Black "Melich PAN_B, Jindrich"]
[Result "1-0"]
[BlackElo "1924"]
[WhiteElo "2043"]
[LiveChessVersion "1.4.8"]

1. d4 {[%clk 0:03:00]} c5 {[%clk 0:03:02]} 2. dxc5 {[%clk 0:02:58]} e6
{[%clk 0:03:02]} 3. Nf3 {[%clk 0:02:57]} Bxc5 {[%clk 0:03:02]} 4. g3
{[%clk 0:02:56]} d5 {[%clk 0:03:02]} 5. Bg2 {[%clk 0:02:54]} Nf6 {[%clk 0:03:02]}
6. O-O {[%clk 0:02:53]} O-O {[%clk 0:03:02]} 7. c3 {[%clk 0:02:52]} a6
{[%clk 0:03:02]} 8. b4 {[%clk 0:02:50]} Be7 {[%clk 0:02:59]} 9. Bb2
{[%clk 0:02:45]} Qc7 {[%clk 0:02:54]} 10. Nbd2 {[%clk 0:02:42]} Nbd7
{[%clk 0:02:49]} 11. Rc1 {[%clk 0:02:38]} b5 {[%clk 0:02:12]} 12. a3
{[%clk 0:02:26]} Nb6 {[%clk 0:02:09]} 13. Qc2 {[%clk 0:02:18]} Bb7
{[%clk 0:02:06]} 14. Nd4 {[%clk 0:02:01]} Nc4 {[%clk 0:01:37]} 15. Nxc4
{[%clk 0:01:57]} Qxc4 {[%clk 0:01:32]} 16. Rcd1 {[%clk 0:01:13]} Rfc8
{[%clk 0:01:28]} 17. e3 {[%clk 0:01:04]} e5 {[%clk 0:00:58]} 18. Nf5
{[%clk 0:00:57]} Bf8 {[%clk 0:01:00]} 19. Qd3 {[%clk 0:00:43]} g6
{[%clk 0:00:54]} 20. Nh4 {[%clk 0:00:31]} Bg7 {[%clk 0:00:45]} 21. Qxc4
{[%clk 0:00:15]} Rxc4 {[%clk 0:00:45]} 22. Nf3 {[%clk 0:00:11]} Nd7
{[%clk 0:00:37]} 23. Nd2 {[%clk 0:00:12]} Rc7 {[%clk 0:00:35]} 24. Nb3
{[%clk 0:00:13]} Nb6 {[%clk 0:00:34]} 25. Nc5 {[%clk 0:00:13]} Rd8
{[%clk 0:00:30]} 26. e4 {[%clk 0:00:11]} d4 {[%clk 0:00:24]} 27. cxd4
{[%clk 0:00:10]} exd4 {[%clk 0:00:25]} 28. Rd3 {[%clk 0:00:10]} Nc4
{[%clk 0:00:20]} 29. Ba1 {[%clk 0:00:11]} Bc6 {[%clk 0:00:13]} 30. Rfd1
{[%clk 0:00:12]} a5 {[%clk 0:00:08]} 31. Bxd4 {[%clk 0:00:11]} Bxd4
{[%clk 0:00:09]} 32. Rxd4 {[%clk 0:00:12]} Rxd4 {[%clk 0:00:10]} 33. Rxd4
{[%clk 0:00:13]} axb4 {[%clk 0:00:11]} 34. axb4 {[%clk 0:00:14]} Kg7
{[%clk 0:00:07]} 35. h4 {[%clk 0:00:13]} h5 {[%clk 0:00:08]} 36. Rd8
{[%clk 0:00:11]} Ra7 {[%clk 0:00:09]} 37. Rc8 {[%clk 0:00:12]} Bd7
{[%clk 0:00:10]} 38. Nxd7 {[%clk 0:00:12]} Rxd7 {[%clk 0:00:10]} 39. Rb8
{[%clk 0:00:13]} Rd1+ {[%clk 0:00:10]} 40. Kh2 {[%clk 0:00:14]} Rb1
{[%clk 0:00:11]} 41. Rxb5 {[%clk 0:00:15]} Nd2 {[%clk 0:00:12]} 42. Rb8
{[%clk 0:00:14]} 1-0

[Event "M?R 2020 v bleskovém ?achu druzstev"]
[Site "Turnov"]
[Date "2020.09.12"]
[Round "2.8"]
[White "Krouzel PAN_B, Jaroslav"]
[Black "Machacek LIB, Jan"]
[Result "1/2-1/2"]
[BlackElo "1668"]
[WhiteElo "1969"]
[LiveChessVersion "1.4.8"]

1. d4 {[%clk 0:03:00]} Nf6 {[%clk 0:03:03]} 2. c4 {[%clk 0:03:01]} e6
{[%clk 0:03:05]} 3. Nc3 {[%clk 0:03:01]} Bb4 {[%clk 0:03:05]} 4. Bg5
{[%clk 0:03:02]} c5 {[%clk 0:03:06]} 5. d5 {[%clk 0:03:03]} O-O {[%clk 0:03:04]}
6. Nf3 {[%clk 0:03:02]} d6 {[%clk 0:03:04]} 7. e4 {[%clk 0:02:59]} e5
{[%clk 0:03:05]} 8. Be2 {[%clk 0:02:56]} Nbd7 {[%clk 0:03:05]} 9. O-O
{[%clk 8:02:56]} h6 {[%clk 0:03:02]} 10. Bh4 {[%clk 0:02:56]} Bxc3
{[%clk 0:03:01]} 11. bxc3 {[%clk 0:02:56]} g5 {[%clk 0:02:57]} 12. Bg3
{[%clk 0:02:54]} Nh5 {[%clk 0:02:57]} 13. Qc2 {[%clk 0:02:46]} Nf4
{[%clk 0:02:58]} 14. Rfe1 {[%clk 0:02:32]} Kh8 {[%clk 0:02:58]} 15. Nd2
{[%clk 0:02:21]} Nf6 {[%clk 0:02:51]} 16. Bf1 {[%clk 0:02:18]} N6h5
{[%clk 0:02:46]} 17. Be2 {[%clk 0:02:16]} Ng7 {[%clk 0:02:45]} 18. Nf1
{[%clk 0:02:15]} f5 {[%clk 0:02:39]} 19. Bxf4 {[%clk 0:01:53]} gxf4
{[%clk 0:02:39]} 20. Bd3 {[%clk 0:01:40]} Qg5 {[%clk 0:02:34]} 21. f3
{[%clk 0:01:36]} Rg8 {[%clk 0:02:25]} 22. Kh1 {[%clk 0:01:37]} fxe4
{[%clk 0:02:22]} 23. Bxe4 {[%clk 0:01:37]} Nh5 {[%clk 0:02:19]} 24. Re2
{[%clk 0:01:18]} Qh4 {[%clk 0:02:19]} 25. Kg1 {[%clk 0:01:06]} Rg7
{[%clk 0:02:09]} 26. Rd1 {[%clk 0:00:53]} Bh3 {[%clk 0:02:09]} 27. Rdd2
{[%clk 0:00:54]} Rag8 {[%clk 0:02:10]} 28. Bf5 {[%clk 0:00:45]} Nf6
{[%clk 0:01:36]} 29. Be6 {[%clk 0:00:36]} Re8 {[%clk 0:01:25]} 30. Bxh3
{[%clk 0:00:34]} Qxh3 {[%clk 0:01:25]} 31. Kh1 {[%clk 0:00:26]} Qh4
{[%clk 0:01:20]} 32. Qf5 {[%clk 0:00:26]} Reg8 {[%clk 0:01:17]} 33. Qe6
{[%clk 0:00:26]} Ne8 {[%clk 0:01:08]} 34. Qf5 {[%clk 0:00:20]} Rg5
{[%clk 0:01:02]} 35. Qe6 {[%clk 0:00:19]} R5g6 {[%clk 0:00:50]} 36. Qf5
{[%clk 0:00:18]} Nf6 {[%clk 0:00:47]} 37. Rb2 {[%clk 0:00:13]} b6
{[%clk 0:00:45]} 38. a4 {[%clk 0:00:14]} Nh5 {[%clk 0:00:46]} 39. Qd7
{[%clk 0:00:09]} R8g7 {[%clk 0:00:45]} 40. Qc8+ {[%clk 0:00:10]} Kh7
{[%clk 0:00:46]} 41. Qf5 {[%clk 0:00:09]} Kh8 {[%clk 0:00:41]} 42. Qc8+
{[%clk 0:00:10]} Kh7 {[%clk 0:00:29]} 43. Qf5 {[%clk 0:00:11]} Kh8
{[%clk 0:00:19]} 44. Qc8+ {[%clk 0:00:12]} Kh7 {[%clk 0:00:20]} 45. Qf5
{[%clk 0:00:11]} 1/2-1/2

[Event "M?R 2020 v bleskovém ?achu druzstev"]
[Site "Turnov"]
[Date "2020.09.12"]
[Round "3.1"]
[White "Petr LIN, Martin"]
[Black "Kraus TUR_A, Tomas"]
[Result "1-0"]
[BlackElo "2417"]
[WhiteElo "2415"]
[LiveChessVersion "1.4.8"]

1. e4 {[%clk 0:03:02]} c5 {[%clk 0:03:04]} 2. Be2 {[%clk 0:03:03]} Nc6
{[%clk 0:02:55]} 3. d3 {[%clk 0:03:03]} g6 {[%clk 0:02:45]} 4. f4
{[%clk 0:03:04]} Bg7 {[%clk 0:02:46]} 5. Nf3 {[%clk 0:03:05]} e6 {[%clk 0:02:38]}
6. O-O {[%clk 0:03:05]} Nge7 {[%clk 0:02:39]} 7. c3 {[%clk 0:03:05]} O-O
{[%clk 0:02:36]} 8. Be3 {[%clk 0:03:06]} d6 {[%clk 0:02:37]} 9. Nbd2
{[%clk 0:03:05]} b6 {[%clk 0:02:31]} 10. Kh1 {[%clk 0:03:03]} Bb7
{[%clk 0:02:32]} 11. Qe1 {[%clk 0:03:04]} h6 {[%clk 0:02:16]} 12. Qh4
{[%clk 0:03:04]} f5 {[%clk 0:02:17]} 13. g4 {[%clk 0:03:01]} d5 {[%clk 0:01:56]}
14. gxf5 {[%clk 0:02:53]} exf5 {[%clk 0:01:47]} 15. e5 {[%clk 0:02:53]} d4
{[%clk 0:01:46]} 16. cxd4 {[%clk 0:01:54]} Nxd4 {[%clk 0:01:41]} 17. Bxd4
{[%clk 0:01:50]} cxd4 {[%clk 0:01:40]} 18. Bd1 {[%clk 0:01:48]} b5
{[%clk 0:00:42]} 19. Bb3+ {[%clk 0:01:45]} Bd5 {[%clk 0:00:32]} 20. Rg1
{[%clk 0:01:36]} Bxb3 {[%clk 0:00:27]} 21. Nxb3 {[%clk 0:01:35]} Rb8
{[%clk 0:00:17]} 22. Nbxd4 {[%clk 0:01:27]} Rb6 {[%clk 0:00:18]} 23. Rac1
{[%clk 0:01:19]} Qd7 {[%clk 0:00:18]} 24. Rc5 {[%clk 0:01:03]} Rd8
{[%clk 0:00:17]} 25. Rgc1 {[%clk 0:01:02]} Nd5 {[%clk 0:00:16]} 26. Rc6
{[%clk 0:00:56]} Bf8 {[%clk 0:00:11]} 27. e6 {[%clk 0:00:53]} Qe7
{[%clk 0:00:06]} 28. Qg3 {[%clk 0:00:43]} Kh7 {[%clk 0:00:07]} 29. Ne5
{[%clk 0:00:44]} Qf6 {[%clk 0:00:03]} 30. Rc7+ {[%clk 0:00:41]} Bg7
{[%clk 0:00:03]} 31. Rf7 {[%clk 0:00:39]} 1-0

[Event "M?R 2020 v bleskovém ?achu druzstev"]
[Site "Turnov"]
[Date "2020.09.12"]
[Round "3.2"]
[White "Simacek TUR_A, Pavel"]
[Black "Turner LIN, Radek"]
[Result "1-0"]
[BlackElo "2077"]
[WhiteElo "2407"]
[LiveChessVersion "1.4.8"]

1. e4 {[%clk 0:03:02]} e6 {[%clk 0:03:04]} 2. d4 {[%clk 0:03:02]} d5
{[%clk 0:03:05]} 3. e5 {[%clk 0:02:59]} c5 {[%clk 0:03:04]} 4. Qg4
{[%clk 0:03:00]} h5 {[%clk 0:03:00]} 5. Qg3 {[%clk 0:02:56]} Qa5+
{[%clk 0:02:57]} 6. Nd2 {[%clk 0:02:35]} Nc6 {[%clk 0:02:54]} 7. c3
{[%clk 0:01:57]} Nh6 {[%clk 0:02:50]} 8. Nb3 {[%clk 0:01:54]} Qb6
{[%clk 0:02:47]} 9. dxc5 {[%clk 0:01:54]} Qc7 {[%clk 0:02:48]} 10. Bxh6
{[%clk 0:01:36]} Rxh6 {[%clk 0:02:48]} 11. Nf3 {[%clk 0:01:37]} a5
{[%clk 0:02:41]} 12. Bd3 {[%clk 0:01:31]} a4 {[%clk 0:02:38]} 13. Nbd4
{[%clk 0:01:33]} h4 {[%clk 0:02:29]} 14. Nb5 {[%clk 0:01:21]} Qd8
{[%clk 0:02:13]} 15. Qf4 {[%clk 0:01:19]} Bxc5 {[%clk 0:02:11]} 16. O-O
{[%clk 0:01:11]} Ne7 {[%clk 0:02:04]} 17. Nxh4 {[%clk 0:01:06]} Ng8
{[%clk 0:01:37]} 18. Nf3 {[%clk 0:01:04]} Bd7 {[%clk 0:01:30]} 19. Nd6+
{[%clk 0:01:04]} Bxd6 {[%clk 0:01:30]} 20. exd6 {[%clk 0:01:05]} Qf6
{[%clk 0:01:27]} 21. Qb4 {[%clk 0:01:00]} Bc6 {[%clk 0:01:26]} 22. Rae1
{[%clk 0:01:00]} Qd8 {[%clk 0:01:16]} 23. Ne5 {[%clk 0:01:00]} Nf6
{[%clk 0:01:12]} 24. Bb5 {[%clk 0:00:54]} Rc8 {[%clk 0:01:11]} 25. Bxa4
{[%clk 0:00:54]} Nd7 {[%clk 0:01:09]} 26. Bxc6 {[%clk 0:00:50]} bxc6
{[%clk 0:01:08]} 27. Qf4 {[%clk 0:00:46]} Nxe5 {[%clk 0:01:04]} 28. Qxe5
{[%clk 0:00:46]} g6 {[%clk 0:00:48]} 29. f4 {[%clk 0:00:42]} Qh4 {[%clk 0:00:47]}
30. h3 {[%clk 0:00:43]} Qg3 {[%clk 0:00:46]} 31. Rf3 {[%clk 0:00:40]} Qh4
{[%clk 0:00:46]} 32. f5 {[%clk 0:00:39]} gxf5 {[%clk 0:00:42]} 33. Rxf5
{[%clk 0:00:39]} Rg6 {[%clk 0:00:36]} 34. Rf3 {[%clk 0:00:36]} Rd8
{[%clk 0:00:36]} 35. Ref1 {[%clk 0:00:36]} Rd7 {[%clk 0:00:37]} 36. b4
{[%clk 0:00:32]} Kf8 {[%clk 0:00:34]} 37. a4 {[%clk 0:00:32]} Kg8
{[%clk 0:00:35]} 38. a5 {[%clk 0:00:33]} Qc4 {[%clk 0:00:33]} 39. Rf6
{[%clk 0:00:32]} Qd3 {[%clk 0:00:33]} 40. Rxg6+ {[%clk 0:00:32]} Qxg6 41. Rf3
{[%clk 0:00:33]} Qb1+ {[%clk 0:00:32]} 42. Kh2 {[%clk 0:00:34]} Qh7
{[%clk 0:00:28]} 43. a6 {[%clk 0:00:33]} Qh6 {[%clk 0:00:13]} 44. Rf4
{[%clk 0:00:34]} Kf8 {[%clk 0:00:14]} 45. Qd4 {[%clk 0:00:30]} e5
{[%clk 0:00:11]} 46. Qxe5 {[%clk 0:00:30]} Qxd6 {[%clk 0:00:10]} 47. Qh8+
{[%clk 0:00:25]} Ke7 {[%clk 0:00:11]} 48. Qh4+ {[%clk 0:00:26]} Kf8
{[%clk 0:00:12]} 49. Qg3 {[%clk 0:00:26]} Qe7 {[%clk 0:00:10]} 50. Rg4
{[%clk 0:00:26]} Qe6 {[%clk 0:00:09]} 51. a7 {[%clk 0:00:26]} Qe8 52. Rg8+ 1-0

[Event "M?R 2020 v bleskovém ?achu druzstev"]
[Site "Turnov"]
[Date "2020.09.12"]
[Round "3.3"]
[White "Blecha LIN, Miroslav"]
[Black "Vykouk TUR_A, Jan"]
[Result "0-1"]
[BlackElo "2374"]
[WhiteElo "2152"]
[LiveChessVersion "1.4.8"]

1. e4 {[%clk 0:03:03]} c5 {[%clk 0:03:03]} 2. Nf3 {[%clk 0:03:04]} d6
{[%clk 0:03:04]} 3. d4 {[%clk 0:03:05]} cxd4 {[%clk 0:03:05]} 4. Nxd4
{[%clk 0:03:07]} Nf6 {[%clk 0:03:06]} 5. Nc3 {[%clk 0:03:08]} a6 {[%clk 0:03:07]}
6. Be3 {[%clk 0:03:05]} e5 {[%clk 0:03:05]} 7. Nb3 {[%clk 0:03:06]} Be6
{[%clk 0:03:06]} 8. f3 {[%clk 0:03:06]} h5 {[%clk 0:03:07]} 9. Qd2
{[%clk 0:02:56]} Nbd7 {[%clk 0:03:06]} 10. O-O-O {[%clk 0:02:56]} Qc7
{[%clk 0:03:06]} 11. f4 {[%clk 0:02:28]} b5 {[%clk 0:02:34]} 12. fxe5
{[%clk 0:01:09]} Nxe5 {[%clk 0:02:23]} 13. Bf4 {[%clk 0:01:09]} Be7
{[%clk 0:01:48]} 14. Nd5 {[%clk 0:01:03]} Bxd5 {[%clk 0:01:44]} 15. exd5
{[%clk 0:01:02]} Nfd7 {[%clk 0:01:31]} 16. Be2 {[%clk 0:00:57]} Rc8
{[%clk 0:01:26]} 17. Kb1 {[%clk 0:00:51]} g6 {[%clk 0:01:17]} 18. Nd4
{[%clk 0:00:50]} O-O {[%clk 0:01:09]} 19. g4 {[%clk 0:00:39]} hxg4
{[%clk 0:00:56]} 20. h3 {[%clk 0:00:40]} g3 {[%clk 0:00:57]} 21. Rhg1
{[%clk 0:00:36]} Bh4 {[%clk 0:00:44]} 22. Bxg3 {[%clk 0:00:35]} Bxg3
{[%clk 0:00:45]} 23. Rxg3 {[%clk 0:00:36]} Nf6 {[%clk 0:00:32]} 24. Qh6
{[%clk 0:00:32]} Nxd5 {[%clk 0:00:20]} 25. Rdg1 {[%clk 0:00:29]} Ne7
{[%clk 0:00:16]} 26. Bd3 {[%clk 0:00:24]} Nxd3 {[%clk 0:00:11]} 27. cxd3
{[%clk 0:00:23]} Qc5 {[%clk 0:00:08]} 28. Ne6 {[%clk 0:00:19]} Qe5
{[%clk 0:00:06]} 29. d4 {[%clk 0:00:17]} Qxe6 {[%clk 0:00:07]} 30. h4
{[%clk 0:00:16]} Qe4+ {[%clk 0:00:05]} 31. Ka1 {[%clk 0:00:17]} Qxd4
{[%clk 0:00:04]} 32. h5 {[%clk 0:00:15]} Qg7 {[%clk 0:00:04]} 33. Qg5
{[%clk 0:00:15]} Rfe8 {[%clk 0:00:04]} 34. hxg6 {[%clk 0:00:14]} Nxg6
{[%clk 0:00:04]} 35. Qd5 {[%clk 0:00:13]} Rc5 {[%clk 0:00:04]} 36. Qxd6
{[%clk 0:00:12]} Rce5 {[%clk 0:00:05]} 37. Qd2 {[%clk 0:00:11]} Qf6
{[%clk 0:00:04]} 38. Qd1 {[%clk 0:00:05]} Qe6 {[%clk 0:00:05]} 39. a3
{[%clk 0:00:05]} Re1 {[%clk 0:00:04]} 40. Rxe1 {[%clk 0:00:03]} Qxe1
{[%clk 0:00:05]} 41. Qxe1 {[%clk 0:00:04]} Rxe1+ {[%clk 0:00:06]} 42. Ka2
{[%clk 0:00:05]} Re7 {[%clk 0:00:06]} 43. Rd3 {[%clk 0:00:06]} Re6
{[%clk 0:00:08]} 44. Rd8+ {[%clk 0:00:07]} Kg7 {[%clk 0:00:09]} 45. Rd7
{[%clk 0:00:08]} Kf6 {[%clk 0:00:10]} 46. Kb3 {[%clk 0:00:07]} Ne5
{[%clk 0:00:10]} 47. Rd1 {[%clk 0:00:08]} Nc4 {[%clk 0:00:11]} 48. a4
{[%clk 0:00:08]} Re2 {[%clk 0:00:09]} 49. axb5 {[%clk 0:00:09]} axb5
{[%clk 0:00:11]} 50. Rb1 {[%clk 0:00:09]} Rxb2+ {[%clk 0:00:11]} 0-1